| 000 | nam a22 7a 4500 | ||
|---|---|---|---|
| 999 |
_c17568 _d17568 |
||
| 008 | 161128b xxu||||| |||| 00| 0 eng d | ||
| 050 | _aND 1280 .C47 1951 | ||
| 100 |
_aCheskin,Louis. _d1951 |
||
| 245 |
_aColor for profit. _cLouis Checkin |
||
| 260 |
_aNY: _bLiveright, _c1951. |
||
| 300 | _a163p.:ill | ||
| 942 |
_2lcc _cBOOKS _hND 1280 .C47 1951 |
||